<?xml version="1.0" encoding="UTF-8"?>
<record
    xmlns:xsi="http://www.w3.org/2001/XMLSchema-instance"
    xsi:schemaLocation="http://www.loc.gov/MARC21/slim http://www.loc.gov/standards/marcxml/schema/MARC21slim.xsd"
    xmlns="http://www.loc.gov/MARC21/slim">

  <leader>04051nam a22003497a 4500</leader>
  <controlfield tag="003">CHAP</controlfield>
  <controlfield tag="005">20250530122809.0</controlfield>
  <controlfield tag="007">ta</controlfield>
  <controlfield tag="008">250530s2002    mx ad||frm||| 001 0 spa d</controlfield>
  <datafield tag="040" ind1=" " ind2=" ">
    <subfield code="a">mxchpua</subfield>
    <subfield code="c">CHAP</subfield>
  </datafield>
  <datafield tag="041" ind1="0" ind2=" ">
    <subfield code="a">spa</subfield>
    <subfield code="b">eng</subfield>
  </datafield>
  <datafield tag="090" ind1=" " ind2=" ">
    <subfield code="a">Tesis</subfield>
    <subfield code="b">F56</subfield>
    <subfield code="c">2002</subfield>
  </datafield>
  <datafield tag="100" ind1="1" ind2=" ">
    <subfield code="a">Flores Dom&#xED;nguez, Ad&#xE1;n</subfield>
  </datafield>
  <datafield tag="245" ind1="1" ind2="0">
    <subfield code="a">Potencial agroindustrial del frijol silvestre (Phaseolus vulgaris L.) : </subfield>
    <subfield code="b">composici&#xF3;n qu&#xED;mica /</subfield>
    <subfield code="c">Ad&#xE1;n Flores Dom&#xED;nguez</subfield>
  </datafield>
  <datafield tag="264" ind1=" " ind2=" ">
    <subfield code="a">Chapingo, M&#xE9;xico :</subfield>
    <subfield code="b">El autor,</subfield>
    <subfield code="c">2002</subfield>
  </datafield>
  <datafield tag="300" ind1=" " ind2=" ">
    <subfield code="a">vi, 75 hojas :</subfield>
    <subfield code="b">ilustraciones, tablas, gr&#xE1;ficas</subfield>
  </datafield>
  <datafield tag="336" ind1=" " ind2=" ">
    <subfield code="2">rdacontent</subfield>
    <subfield code="a">texto</subfield>
    <subfield code="b">txt</subfield>
  </datafield>
  <datafield tag="337" ind1=" " ind2=" ">
    <subfield code="2">rdamedia</subfield>
    <subfield code="a">sin medio</subfield>
    <subfield code="b">n</subfield>
  </datafield>
  <datafield tag="338" ind1=" " ind2=" ">
    <subfield code="2">rdacarrier</subfield>
    <subfield code="a">volumen</subfield>
    <subfield code="b">nc</subfield>
  </datafield>
  <datafield tag="502" ind1=" " ind2=" ">
    <subfield code="a">Tesis</subfield>
    <subfield code="b">(Ingeniero Agroindustrial) --</subfield>
    <subfield code="c">UACh. Departamento de Ingenier&#xED;a Agroindustrial,</subfield>
    <subfield code="d">2002</subfield>
  </datafield>
  <datafield tag="504" ind1=" " ind2=" ">
    <subfield code="a">Bibliograf&#xED;a : hojas 63-71</subfield>
  </datafield>
  <datafield tag="520" ind1="3" ind2=" ">
    <subfield code="a">El presente estudio se realiz&#xF3; con el objetivo de conocer la composici&#xF3;n del frijol silvestre y contrastarla con la del frijol domesticado, para evaluar su potencial agroindustrial como alimento alternativo. Se seleccionaron seis variantes de frijol domesticado y seis silvestres. En cada variante cruda se cuantific&#xF3; el contenido de l&#xED;pidos, cenizas, prote&#xED;nas, lisina, tript&#xF3;fano, celulosa, fibra alimentaria y almid&#xF3;n,y en muestras cocidas se cuantific&#xF3; prote&#xED;na, almid&#xF3;n y fibra detergente neutro. Adem&#xE1;s se cuantific&#xF3; la proporci&#xF3;n de testa, eje embrionario y cotiledones de las semillas y el tamano de semilla.Las variantes silvestres fueron mas ricas en minerales (16.3%), proteinas (7.1%),lisina (19.4%),tript&#xF3;fano (22.1%), celulosa (35.1%) y fibra alimentaria (45.2%) y contienen mayores proporciones de testa y eje embrionario. En general las variantes tradicionales y los cultivares mejorados tuvieron composici&#xF3;n semejante. La correlaci&#xF3;n negativa enre conenido de tript&#xF3;fano y de lisina en los cultivares puede indicar que el mejoramiento del frijol domesticado enfocado al incremento del contenido de alguno de estos amino&#xE1;cidos ser&#xED;a en detrimento del otro. Se demostr&#xF3; que entre las variantes silvestres existen diferencias de la calidad alimentaria lo cual puede ser utilizado para el mejoramiento de las variantes domesticadas. Se demostr&#xF3; que el frijol silvestre posee caracter&#xED;sticas nutricionales sobresalientes como para ser un alimento alternativo Adem&#xE1;s, tiene caracteristicas f&#xED;sicas que le permitir&#xED;an ser usado industrialmente. </subfield>
  </datafield>
  <datafield tag="520" ind1="3" ind2=" ">
    <subfield code="a">The aim of this study was to know the wild bean composition, to contras it with that of domesticated common bean, and to evaluate its agroindustrial potential as alternative food.There were selected six domesticated and six wild common bean variants.It was quantified the content of lipids, asses, protein, lysine, tryptophan, cellulose, unavailable carbohydrates and starch; beside in cooked samples were quantified the content of protein,starch and unavailable carbohydrates. . Beside, seed coat, embryonic axis and cotyledon seed proportion were quantified. Wild variants were richest in minerals (16.3%),protein (7.1%),lysine (19.4%),tryptophan (22.1%). cellulose(35.1%) and unavailable carbohydrates (45.2%), and they had higher seed coat and embryonic axe proportion. In general, common bean land races and improved cultivars had similar composition. It was demonstrated that among wild common bean variants variability of food quality exists, and that this could be used to improve the domesticated variants. It was demonstrated that wild common bean had nutritional qualities to be an alternative food. Beside, it has physical traits to be used in the food industry. </subfield>
  </datafield>
  <datafield tag="650" ind1="1" ind2="3">
    <subfield code="a">Phaseolus vulgaris L</subfield>
    <subfield code="2">atg</subfield>
  </datafield>
  <datafield tag="650" ind1="1" ind2="3">
    <subfield code="a">Frijoles  </subfield>
    <subfield code="2">atg</subfield>
    <subfield code="x">Composici&#xF3;n qu&#xED;mica</subfield>
  </datafield>
  <datafield tag="650" ind1="1" ind2="3">
    <subfield code="a">Beans  </subfield>
    <subfield code="2">atg</subfield>
    <subfield code="x">Chemical composition</subfield>
  </datafield>
  <datafield tag="700" ind1="1" ind2=" ">
    <subfield code="a">Pe&#xF1;a Valdivia, Cecilia Beatriz</subfield>
    <subfield code="e">directora</subfield>
  </datafield>
  <datafield tag="700" ind1="1" ind2=" ">
    <subfield code="a">Corrales Garc&#xED;a, Jos&#xE9; Joel Enrique</subfield>
    <subfield code="e">asesor</subfield>
  </datafield>
  <datafield tag="700" ind1="1" ind2=" ">
    <subfield code="a">Lobato Calleros, Consuelo Silvia Olivia</subfield>
    <subfield code="e">asesora</subfield>
  </datafield>
  <datafield tag="901" ind1=" " ind2=" ">
    <subfield code="a">TESIS F56 2002</subfield>
  </datafield>
  <datafield tag="942" ind1=" " ind2=" ">
    <subfield code="2">Clasificaci&#xF3;n Universidad Aut&#xF3;noma Chapingo</subfield>
    <subfield code="c">Tesis</subfield>
  </datafield>
  <datafield tag="999" ind1=" " ind2=" ">
    <subfield code="c">220543</subfield>
    <subfield code="d">220543</subfield>
  </datafield>
  <datafield tag="952" ind1=" " ind2=" ">
    <subfield code="0">0</subfield>
    <subfield code="1">0</subfield>
    <subfield code="2">local</subfield>
    <subfield code="4">0</subfield>
    <subfield code="5">1</subfield>
    <subfield code="7">0</subfield>
    <subfield code="8">TESIS</subfield>
    <subfield code="a">IA_</subfield>
    <subfield code="b">IA_</subfield>
    <subfield code="d">2025-05-30</subfield>
    <subfield code="e">El autor</subfield>
    <subfield code="l">0</subfield>
    <subfield code="o">Tesis F56 2002</subfield>
    <subfield code="p">1101015487</subfield>
    <subfield code="r">2026-02-02 00:00:00</subfield>
    <subfield code="t">Ej.1</subfield>
    <subfield code="w">2025-05-30</subfield>
    <subfield code="y">TESIS</subfield>
  </datafield>
  <datafield tag="952" ind1=" " ind2=" ">
    <subfield code="0">0</subfield>
    <subfield code="1">0</subfield>
    <subfield code="2">local</subfield>
    <subfield code="4">0</subfield>
    <subfield code="5">5</subfield>
    <subfield code="7">0</subfield>
    <subfield code="8">TESIS</subfield>
    <subfield code="a">IA_</subfield>
    <subfield code="b">IA_</subfield>
    <subfield code="d">2025-05-30</subfield>
    <subfield code="e">El autor</subfield>
    <subfield code="l">0</subfield>
    <subfield code="o">Tesis F56 2002</subfield>
    <subfield code="p">1101015488</subfield>
    <subfield code="r">2026-02-02 00:00:00</subfield>
    <subfield code="t">Ej.2</subfield>
    <subfield code="w">2025-05-30</subfield>
    <subfield code="y">TESIS</subfield>
  </datafield>
</record>
